书目信息 |
| 题名: |
中国思想文化史
|
|
| 作者: | 张岂之 主编 | |
| 分册: | ||
| 出版信息: | 北京 高等教育出版社 2006 |
|
| 页数: | 579页 | |
| 开本: | 23cm | |
| 丛书名: | ||
| 单 册: | ||
| 中图分类: | K203 , B2 | |
| 科图分类: | ||
| 主题词: | 文化史--中国--高等学校--教材 , 思想史 , 文化史 , 思想史--中国--高等学校--教材 , 哲学--中国 | |
| 电子资源: | ||
| ISBN: | 7-04-019966-1 | |
| 000 | 01024nam0 2200301 450 | |
| 001 | 1155640529 | |
| 005 | 20110929153027.06 | |
| 010 | @a7-04-019966-1@dCNY39.50 | |
| 100 | @a20060104d2006 em y0chiy50 ea | |
| 101 | 0 | @achi |
| 102 | @aCN@b110000 | |
| 105 | @aa z 000yy | |
| 106 | @ar | |
| 200 | 1 | @a中国思想文化史@f张岂之主编@Azhong guo si xiang wen hua shi |
| 210 | @a北京@c高等教育出版社@d2006 | |
| 215 | @a579页@c图@d23cm | |
| 300 | @a普通高等教育“十五”国家级规划教材 | |
| 330 | @a本书内容包括:中华文明的起源、周代礼乐思想、春秋战国时期的“百家争鸣”、两汉时期的经学思想、魏晋玄学与南北朝宗教思潮、唐代思想文化的历史价值、宋代思想文化的创造性等。 | |
| 606 | 0 | @a文化史@y中国@x高等学校@j教材 |
| 606 | 0 | @a思想史 |
| 606 | 0 | @a文化史 |
| 606 | 0 | @a思想史@y中国@x高等学校@j教材 |
| 606 | 0 | @a哲学@x中国 |
| 690 | @aK203@v4 | |
| 690 | @aB2@v4 | |
| 701 | 0 | @a张岂之@f(1927~)@4主编@Azhang qi zhi |
| 801 | 0 | @aCN@b大连网信软件有限公司图书馆·11@c20110929 |
| 905 | @a10447@dB2@eJY134 | |
| 中国思想文化史/张岂之主编.-北京:高等教育出版社,2006 |
| 579页:图;23cm |
| 普通高等教育“十五”国家级规划教材 |
| ISBN 7-04-019966-1:CNY39.50 |
| 本书内容包括:中华文明的起源、周代礼乐思想、春秋战国时期的“百家争鸣”、两汉时期的经学思想、魏晋玄学与南北朝宗教思潮、唐代思想文化的历史价值、宋代思想文化的创造性等。 |
| ● |
| 相关链接 |
|
|
|
|
正题名:中国思想文化史
索取号:B2/JY134
 
预约/预借
| 序号 | 登录号 | 条形码 | 馆藏地/架位号 | 状态 | 备注 |
| 1 | 7824626 | 278246266 | 学院路分馆/ [索取号:B2/JY134] | 在馆 | |
| 2 | 7824627 | 278246275 | 学院路分馆/ [索取号:B2/JY134] | 在馆 |